| 000 | 00471nam a2200193Ia 4500 | ||
|---|---|---|---|
| 003 | GCL | ||
| 008 | 140319s9999 xx 000 0 eng d | ||
| 040 |
_aGCL / _cGCL |
||
| 082 | 0 | 4 |
_aCH _b372.6 _bL E |
| 100 | 1 | _aCOLVIN, LESLIE | |
| 245 | 1 | 0 |
_aESSENTIAL SPANISH / _cCOLVIN, LESLIE |
| 700 | 1 | _aLESLIE, UICOLE | |
| 260 |
_a[S.N] : _bUSBORNE ، _c1990 |
||
| 300 | _a64 P | ||
| 650 | 0 | 4 | _aCHILDREN |
| 650 | 0 | 4 | _aEDUCATION |
| 650 | 0 | 4 | _aSPANISH LANGUAGE |
| 942 |
_2ddc _cBK |
||
| 999 |
_c15115 _d15115 |
||